00325nam a2200133Ia 450000500170000000800410001704100080005808200150006610000150008124500320009626000400012830000090016865000140017720250729165701.0250729s2007 xx 000 0 und d akan a370.7 DASP aG.N.Desayi aPoorva prathamika Shikshana aGadagabVidyanidhi Prakashanac2007 a323p aEducation